[Event "Top 12 2021"]
[Site "Chalons en Champagne, France"]
[Date "2021.07.04"]
[Round "11.41"]
[White "Grandelius, Nils CHA"]
[Black "Barbot, Pierre GRA"]
[Result "1/2-1/2"]
[WhiteElo "2670"]
[BlackElo "2443"]

1. e4 {[%clk 01:30:32]} {[%emt 00:00:27]} e5 {[%clk 01:30:52]} {[%emt
00:00:08]} 2. Nf3 {[%clk 01:30:53]} {[%emt 00:00:08]} Nc6 {[%clk 01:31:17]}
{[%emt 00:00:05]} 3. Bb5 {[%clk 01:30:27]} {[%emt 00:00:55]} a6 {[%clk
01:31:43]} {[%emt 00:00:07]} 4. Ba4 {[%clk 01:30:48]} {[%emt 00:00:09]} Nf6
{[%clk 01:32:03]} {[%emt 00:00:09]} 5. O-O {[%clk 01:30:31]} {[%emt 00:00:47]}
Be7 {[%clk 01:31:53]} {[%emt 00:00:41]} 6. Re1 {[%clk 01:29:07]} {[%emt
00:01:54]} b5 {[%clk 01:32:15]} {[%emt 00:00:08]} 7. Bb3 {[%clk 01:29:31]}
{[%emt 00:00:06]} O-O {[%clk 01:32:41]} {[%emt 00:00:04]} 8. h3 {[%clk
01:28:07]} {[%emt 00:01:54]} d6 {[%clk 01:32:44]} {[%emt 00:00:28]} 9. c3
{[%clk 01:28:20]} {[%emt 00:00:17]} Bb7 {[%clk 01:33:10]} {[%emt 00:00:04]} 10.
d4 {[%clk 01:28:17]} {[%emt 00:00:32]} Nd7 {[%clk 01:33:34]} {[%emt 00:00:06]}
11. Nbd2 {[%clk 01:27:47]} {[%emt 00:00:59]} exd4 {[%clk 01:30:46]} {[%emt
00:03:19]} 12. cxd4 {[%clk 01:27:49]} {[%emt 00:00:28]} Bf6 {[%clk 01:31:09]}
{[%emt 00:00:07]} 13. Nf1 {[%clk 01:27:56]} {[%emt 00:00:22]} Re8 {[%clk
01:31:36]} {[%emt 00:00:04]} 14. Ng3 {[%clk 01:27:43]} {[%emt 00:00:43]} g6
{[%clk 01:31:38]} {[%emt 00:00:28]} 15. Bh6 {[%clk 01:27:34]} {[%emt 00:00:39]}
Na5 {[%clk 01:29:10]} {[%emt 00:02:59]} 16. Bc2 {[%clk 01:27:40]} {[%emt
00:00:24]} c5 {[%clk 01:29:10]} {[%emt 00:00:30]} 17. e5 {[%clk 01:26:39]}
{[%emt 00:01:31]} Bh8 {[%clk 01:11:41]} {[%emt 00:17:59]} 18. Ng5 {[%clk
00:50:14]} {[%emt 00:36:55]} Nf8 {[%clk 00:52:28]} {[%emt 00:19:44]} 19. N3e4
{[%clk 00:41:54]} {[%emt 00:08:50]} Bxe4 {[%clk 00:50:38]} {[%emt 00:02:20]} 20.
Bxe4 {[%clk 00:35:04]} {[%emt 00:07:20]} Ra7 {[%clk 00:47:43]} {[%emt
00:03:24]} 21. Bd5 {[%clk 00:28:22]} {[%emt 00:07:12]} Ne6 {[%clk 00:23:10]}
{[%emt 00:25:03]} 22. Bxe6 {[%clk 00:24:45]} {[%emt 00:04:07]} fxe6 {[%clk
00:23:30]} {[%emt 00:00:11]} 23. exd6 {[%clk 00:23:45]} {[%emt 00:01:30]} cxd4
{[%clk 00:22:41]} {[%emt 00:01:18]} 24. Rxe6 {[%clk 00:12:00]} {[%emt
00:12:15]} Rxe6 {[%clk 00:23:05]} {[%emt 00:00:06]} 25. Nxe6 {[%clk 00:12:26]}
{[%emt 00:00:04]} Qxd6 {[%clk 00:23:27]} {[%emt 00:00:08]} 26. Qf3 {[%clk
00:10:41]} {[%emt 00:02:15]} Nc4 {[%clk 00:20:13]} {[%emt 00:03:44]} 27. Re1
{[%clk 00:10:15]} {[%emt 00:00:55]} d3 {[%clk 00:13:17]} {[%emt 00:07:27]} 28.
Ng5 {[%clk 00:08:44]} {[%emt 00:02:01]} Ne5 {[%clk 00:13:00]} {[%emt 00:00:47]}
29. Qe4 {[%clk 00:03:47]} {[%emt 00:05:28]} d2 {[%clk 00:09:31]} {[%emt
00:03:58]} 30. Rd1 {[%clk 00:04:12]} {[%emt 00:00:05]} Bg7 {[%clk 00:09:58]}
{[%emt 00:00:03]} 31. Bxg7 {[%clk 00:04:16]} {[%emt 00:00:26]} Kxg7 {[%clk
00:10:22]} {[%emt 00:00:05]} 32. Qe3 {[%clk 00:00:37]} {[%emt 00:04:10]} Rd7
{[%clk 00:09:54]} {[%emt 00:00:57]} 33. Ne4 {[%clk 00:00:44]} {[%emt 00:00:22]}
Qd5 {[%clk 00:07:26]} {[%emt 00:02:58]} 34. Rxd2 {[%clk 00:00:48]} {[%emt
00:00:27]} Qxa2 {[%clk 00:07:47]} {[%emt 00:00:09]} 35. Rxd7+ {[%clk 00:00:38]}
{[%emt 00:00:40]} Nxd7 {[%clk 00:08:15]} {[%emt 00:00:01]} 36. Ng5 {[%clk
00:00:36]} {[%emt 00:00:32]} Nf8 {[%clk 00:03:18]} {[%emt 00:05:26]} 37. Qe7+
{[%clk 00:01:05]} {[%emt 00:00:01]} Kg8 {[%clk 00:03:43]} {[%emt 00:00:05]} 38.
Ne4 {[%clk 00:00:38]} {[%emt 00:00:58]} Qf7 {[%clk 00:03:55]} {[%emt 00:00:17]}
39. Nf6+ {[%clk 00:00:57]} {[%emt 00:00:11]} Kg7 {[%clk 00:04:23]} 40. Ne8+
{[%clk 00:31:20]} {[%emt 00:00:09]} Kg8 {[%clk 00:34:51]} {[%emt 00:00:02]} 41.
Qxf7+ {[%clk 00:26:02]} {[%emt 00:05:48]} Kxf7 {[%clk 00:34:54]} {[%emt
00:00:27]} 42. Nc7 {[%clk 00:26:30]} {[%emt 00:00:03]} a5 {[%clk 00:33:03]}
{[%emt 00:02:22]} 43. Nxb5 {[%clk 00:26:08]} {[%emt 00:00:52]} Ke6 {[%clk
00:33:27]} {[%emt 00:00:05]} 44. Nc3 {[%clk 00:14:09]} {[%emt 00:12:30]} Kd6
{[%clk 00:33:28]} {[%emt 00:00:29]} 45. Kf1 {[%clk 00:12:34]} {[%emt 00:02:05]}
Kc5 {[%clk 00:33:51]} {[%emt 00:00:06]} 46. Ke2 {[%clk 00:12:48]} {[%emt
00:00:16]} Kc4 {[%clk 00:34:16]} {[%emt 00:00:05]} 47. Kd2 {[%clk 00:13:09]}
{[%emt 00:00:09]} Kb3 {[%clk 00:34:41]} {[%emt 00:00:05]} 48. Kc1 {[%clk
00:13:36]} {[%emt 00:00:03]} Ne6 {[%clk 00:34:31]} {[%emt 00:00:40]} 49. Ne2
{[%clk 00:13:41]} {[%emt 00:00:24]} Nc5 {[%clk 00:28:54]} {[%emt 00:06:07]} 50.
Kb1 {[%clk 00:13:44]} {[%emt 00:00:28]} Ne4 {[%clk 00:27:16]} {[%emt 00:02:07]}
51. f4 {[%clk 00:10:24]} {[%emt 00:03:51]} Nd6 {[%clk 00:23:36]} {[%emt
00:04:10]} 52. g4 {[%clk 00:09:05]} {[%emt 00:01:49]} a4 {[%clk 00:18:24]}
{[%emt 00:05:43]} 53. f5 {[%clk 00:04:39]} {[%emt 00:04:56]} gxf5 {[%clk
00:18:40]} {[%emt 00:00:14]} 54. Nd4+ {[%clk 00:05:08]} Kb4 {[%clk 00:17:39]}
{[%emt 00:01:31]} 55. Nxf5 {[%clk 00:05:35]} {[%emt 00:00:02]} Ne4 {[%clk
00:18:05]} {[%emt 00:00:04]} 56. Ne3 {[%clk 00:02:50]} {[%emt 00:03:15]} a3
{[%clk 00:16:08]} {[%emt 00:02:27]} 57. bxa3+ {[%clk 00:01:11]} {[%emt
00:02:10]} Kxa3 {[%clk 00:16:33]} {[%emt 00:00:05]} 58. Kc2 {[%clk 00:01:37]}
{[%emt 00:00:03]} Kb4 {[%clk 00:16:58]} {[%emt 00:00:06]} 59. h4 {[%clk
00:02:00]} {[%emt 00:00:07]} Kc5 {[%clk 00:12:45]} {[%emt 00:04:42]} 60. Kd3
{[%clk 00:02:29]} Nd6 {[%clk 00:12:37]} {[%emt 00:00:39]} 61. g5 {[%clk
00:01:05]} {[%emt 00:01:53]} Ne8 {[%clk 00:10:04]} {[%emt 00:03:03]} 62. Ke4
{[%clk 00:01:04]} {[%emt 00:00:31]} Kd6 {[%clk 00:10:33]} {[%emt 00:00:02]} 63.
Kf5 {[%clk 00:00:37]} {[%emt 00:00:57]} Ke7 {[%clk 00:10:23]} {[%emt 00:00:40]}
64. Nd5+ {[%clk 00:00:41]} {[%emt 00:00:26]} Kf7 {[%clk 00:10:52]} 65. Nf6
{[%clk 00:00:38]} {[%emt 00:00:33]} Nd6+ {[%clk 00:07:22]} {[%emt 00:03:59]} 66.
Ke5 {[%clk 00:01:06]} {[%emt 00:00:02]} Nc4+ {[%clk 00:07:47]} {[%emt
00:00:05]} 67. Kd4 {[%clk 00:01:29]} {[%emt 00:00:07]} Nd6 {[%clk 00:07:58]}
{[%emt 00:00:19]} 68. Kd5 {[%clk 00:00:38]} {[%emt 00:01:21]} Nf5 {[%clk
00:08:13]} {[%emt 00:00:14]} 69. h5 {[%clk 00:01:05]} {[%emt 00:00:03]} Ng3
{[%clk 00:08:15]} {[%emt 00:00:29]} 70. h6 {[%clk 00:00:58]} {[%emt 00:00:37]}
Kg6 {[%clk 00:06:45]} {[%emt 00:02:00]} 71. Nxh7 {[%clk 00:01:13]} {[%emt
00:00:15]} Kxh7 {[%clk 00:07:11]} {[%emt 00:00:03]} 72. Ke5 {[%clk 00:01:38]}
{[%emt 00:00:04]} Kg6 {[%clk 00:07:37]} {[%emt 00:00:03]} 73. Ke6 {[%clk
00:01:59]} {[%emt 00:00:10]} Ne4 {[%clk 00:07:56]} {[%emt 00:00:11]} 74. h7
{[%clk 00:02:26]} {[%emt 00:00:03]} Nxg5+ {[%clk 00:08:23]} {[%emt 00:00:04]}
75. Kd7 {[%clk 00:02:51]} {[%emt 00:00:05]} Nxh7 {[%emt 00:00:10]} 1/2-1/2

[Event "Top 12 2021"]
[Site "Chalons en Champagne, France"]
[Date "2021.07.04"]
[Round "11.42"]
[White "Travadon, Loic GRA"]
[Black "Anton Guijarro, David CHA"]
[Result "1/2-1/2"]
[WhiteElo "2415"]
[BlackElo "2673"]

1. d4 {[%clk 01:30:58]} {[%emt 00:00:01]} d5 {[%clk 01:29:37]} {[%emt
00:01:23]} 2. c4 {[%clk 01:31:18]} {[%emt 00:00:11]} e6 {[%clk 01:30:03]}
{[%emt 00:00:04]} 3. Nf3 {[%clk 01:31:24]} {[%emt 00:00:24]} Nf6 {[%clk
01:30:00]} {[%emt 00:00:32]} 4. Nc3 {[%clk 01:31:49]} {[%emt 00:00:05]} dxc4
{[%clk 01:29:57]} {[%emt 00:00:34]} 5. e4 {[%clk 01:32:11]} {[%emt 00:00:08]}
b5 {[%clk 01:29:57]} {[%emt 00:00:30]} 6. Nxb5 {[%clk 01:32:03]} {[%emt
00:00:38]} Nxe4 {[%clk 01:26:48]} {[%emt 00:03:40]} 7. Qa4 {[%clk 01:32:09]}
{[%emt 00:00:23]} c6 {[%clk 01:21:07]} {[%emt 00:06:10]} 8. Nc3 {[%clk
01:32:33]} {[%emt 00:00:06]} Nxc3 {[%clk 01:17:43]} {[%emt 00:03:54]} 9. bxc3
{[%clk 01:32:52]} {[%emt 00:00:11]} Ba6 {[%clk 01:16:20]} {[%emt 00:01:53]} 10.
Bxc4 {[%clk 01:31:47]} {[%emt 00:01:35]} Bxc4 {[%clk 01:16:43]} {[%emt
00:00:07]} 11. Qxc4 {[%clk 01:32:13]} {[%emt 00:00:04]} Bd6 {[%clk 01:16:16]}
{[%emt 00:00:57]} 12. O-O {[%clk 01:32:35]} {[%emt 00:00:08]} O-O {[%clk
01:15:40]} {[%emt 00:01:05]} 13. Ng5 {[%clk 01:31:49]} {[%emt 00:01:16]} Be7
{[%clk 01:14:47]} {[%emt 00:01:23]} 14. Ne4 {[%clk 01:31:20]} {[%emt 00:00:59]}
Qd5 {[%clk 01:13:48]} {[%emt 00:01:29]} 15. Qe2 {[%clk 01:31:43]} {[%emt
00:00:08]} Nd7 {[%clk 01:12:13]} {[%emt 00:02:05]} 16. Bf4 {[%clk 01:23:11]}
{[%emt 00:09:02]} c5 {[%clk 00:54:24]} {[%emt 00:18:19]} 17. c4 {[%clk
01:14:07]} {[%emt 00:09:34]} Qc6 {[%clk 00:47:45]} {[%emt 00:07:09]} 18. Qf3
{[%clk 01:11:22]} {[%emt 00:03:15]} Qa6 {[%clk 00:45:13]} {[%emt 00:03:03]} 19.
Qg3 {[%clk 01:06:59]} {[%emt 00:04:53]} f6 {[%clk 00:34:49]} {[%emt 00:10:54]}
20. dxc5 {[%clk 00:57:54]} {[%emt 00:09:34]} Nxc5 {[%clk 00:33:35]} {[%emt
00:01:45]} 21. Nxc5 {[%clk 00:57:22]} {[%emt 00:01:02]} Bxc5 {[%clk 00:34:00]}
{[%emt 00:00:05]} 22. Rfd1 {[%clk 00:48:34]} {[%emt 00:09:18]} Qxc4 {[%clk
00:30:25]} {[%emt 00:04:05]} 23. Rac1 {[%clk 00:47:34]} {[%emt 00:01:29]} Qb5
{[%clk 00:26:05]} {[%emt 00:04:50]} 24. Bd6 {[%clk 00:39:26]} {[%emt 00:08:39]}
Bxd6 {[%clk 00:26:01]} {[%emt 00:00:34]} 25. Qxd6 {[%clk 00:39:23]} {[%emt
00:00:33]} Rae8 {[%clk 00:25:08]} {[%emt 00:01:23]} 26. h4 {[%clk 00:38:58]}
{[%emt 00:00:55]} Rf7 {[%clk 00:21:37]} {[%emt 00:04:01]} 27. Rc7 {[%clk
00:38:54]} {[%emt 00:00:33]} h5 {[%clk 00:17:12]} {[%emt 00:04:56]} 28. Rdc1
{[%clk 00:38:34]} {[%emt 00:00:49]} Qb8 {[%clk 00:12:48]} {[%emt 00:04:54]} 29.
R1c6 {[%clk 00:38:58]} {[%emt 00:00:07]} Qd8 {[%clk 00:08:21]} {[%emt
00:04:57]} 30. Rxf7 {[%clk 00:35:29]} {[%emt 00:03:59]} Qxd6 {[%clk 00:07:17]}
{[%emt 00:01:34]} 31. Rxg7+ {[%clk 00:35:54]} {[%emt 00:00:06]} Kxg7 {[%clk
00:07:44]} {[%emt 00:00:03]} 32. Rxd6 {[%clk 00:36:18]} {[%emt 00:00:05]} Re7
{[%clk 00:08:13]} {[%emt 00:00:02]} 1/2-1/2

[Event "Top 12 2021"]
[Site "Chalons en Champagne, France"]
[Date "2021.07.04"]
[Round "11.43"]
[White "Edouard, Romain CHA"]
[Black "Loiseau, Quentin GRA"]
[Result "1-0"]
[WhiteElo "2598"]
[BlackElo "2459"]

1. d4 {[%clk 01:30:10]} {[%emt 00:00:49]} d5 {[%clk 01:30:17]} {[%emt
00:00:43]} 2. Bf4 {[%clk 01:30:32]} {[%emt 00:00:08]} Nf6 {[%clk 01:30:17]}
{[%emt 00:00:30]} 3. e3 {[%clk 01:30:57]} {[%emt 00:00:05]} Bf5 {[%clk
01:29:31]} {[%emt 00:01:16]} 4. c4 {[%clk 01:31:04]} {[%emt 00:00:22]} e6
{[%clk 01:29:04]} {[%emt 00:00:58]} 5. Nc3 {[%clk 01:29:58]} {[%emt 00:01:36]}
Nc6 {[%clk 01:12:45]} {[%emt 00:16:50]} 6. Qb3 {[%clk 01:26:17]} {[%emt
00:04:10]} Rb8 {[%clk 01:07:30]} {[%emt 00:05:46]} 7. cxd5 {[%clk 01:23:13]}
{[%emt 00:03:34]} exd5 {[%clk 01:01:57]} {[%emt 00:06:03]} 8. a3 {[%clk
01:22:48]} {[%emt 00:00:55]} Be7 {[%clk 01:00:54]} {[%emt 00:01:32]} 9. Nge2
{[%clk 01:20:15]} {[%emt 00:03:03]} O-O {[%clk 00:59:16]} {[%emt 00:02:08]} 10.
Ng3 {[%clk 01:20:26]} {[%emt 00:00:18]} Be6 {[%clk 00:58:42]} {[%emt 00:01:05]}
11. Qc2 {[%clk 01:20:26]} {[%emt 00:00:31]} Bd6 {[%clk 00:55:59]} {[%emt
00:03:13]} 12. Bxd6 {[%clk 01:20:44]} {[%emt 00:00:12]} Qxd6 {[%clk 00:54:45]}
{[%emt 00:01:44]} 13. Bd3 {[%clk 01:20:58]} {[%emt 00:00:16]} a6 {[%clk
00:53:32]} {[%emt 00:01:44]} 14. O-O {[%clk 01:21:20]} {[%emt 00:00:07]} h6
{[%clk 00:51:45]} {[%emt 00:02:17]} 15. Na4 {[%clk 01:17:29]} {[%emt 00:04:21]}
Rfe8 {[%clk 00:40:29]} {[%emt 00:11:47]} 16. Rac1 {[%clk 01:13:37]} {[%emt
00:04:21]} Re7 {[%clk 00:37:24]} {[%emt 00:03:35]} 17. Qc5 {[%clk 01:08:08]}
{[%emt 00:05:59]} Qxc5 {[%clk 00:32:49]} {[%emt 00:05:06]} 18. Nxc5 {[%clk
01:08:35]} {[%emt 00:00:03]} Nd8 {[%clk 00:32:04]} {[%emt 00:01:14]} 19. b4
{[%clk 01:08:55]} {[%emt 00:00:10]} Ne8 {[%clk 00:30:26]} {[%emt 00:02:08]} 20.
f3 {[%clk 01:08:15]} {[%emt 00:01:10]} Nd6 {[%clk 00:19:37]} {[%emt 00:11:19]}
21. a4 {[%clk 01:06:12]} {[%emt 00:02:33]} Bd7 {[%clk 00:17:49]} {[%emt
00:02:18]} 22. e4 {[%clk 01:02:51]} Nc6 {[%clk 00:16:03]} {[%emt 00:06:04]} 23.
e5 {[%clk 01:03:01]} {[%emt 00:00:24]} Ne8 {[%clk 00:15:28]} {[%emt 00:01:04]}
24. Bf5 {[%clk 01:00:31]} {[%emt 00:03:00]} Be6 {[%clk 00:15:41]} {[%emt
00:00:17]} 25. Bxe6 {[%clk 00:58:31]} {[%emt 00:02:30]} fxe6 {[%clk 00:15:48]}
{[%emt 00:00:22]} 26. Nxa6 {[%clk 00:56:52]} {[%emt 00:02:10]} Ra8 {[%clk
00:16:03]} {[%emt 00:00:15]} 27. Nc5 {[%clk 00:54:00]} {[%emt 00:03:22]} b6
{[%clk 00:10:43]} {[%emt 00:05:51]} 28. Nd3 {[%clk 00:49:24]} {[%emt 00:05:05]}
Nxd4 {[%clk 00:10:59]} {[%emt 00:00:14]} 29. Ra1 {[%clk 00:49:52]} {[%emt
00:00:03]} c6 {[%clk 00:11:11]} {[%emt 00:00:17]} 30. a5 {[%clk 00:45:47]}
{[%emt 00:04:36]} Rea7 {[%clk 00:10:55]} {[%emt 00:00:45]} 31. Ra4 {[%clk
00:45:30]} {[%emt 00:00:47]} Nc7 {[%clk 00:07:38]} {[%emt 00:03:48]} 32. Rfa1
{[%clk 00:44:39]} {[%emt 00:01:21]} bxa5 {[%clk 00:06:22]} {[%emt 00:01:47]} 33.
bxa5 {[%clk 00:43:50]} {[%emt 00:01:19]} Nb3 {[%clk 00:06:33]} {[%emt
00:00:18]} 34. Rb1 {[%clk 00:43:29]} {[%emt 00:00:51]} Rxa5 {[%clk 00:06:25]}
{[%emt 00:00:38]} 35. Rxa5 {[%clk 00:43:52]} {[%emt 00:00:07]} Nxa5 {[%clk
00:06:43]} {[%emt 00:00:11]} 36. Rb6 {[%clk 00:40:50]} {[%emt 00:03:31]} Kf7
{[%clk 00:04:47]} {[%emt 00:02:27]} 37. Nc5 {[%clk 00:40:17]} {[%emt 00:01:03]}
Ra7 {[%clk 00:02:04]} {[%emt 00:03:14]} 38. f4 {[%clk 00:38:38]} {[%emt
00:02:08]} g5 {[%clk 00:00:38]} {[%emt 00:01:57]} 39. f5 {[%clk 00:39:07]}
{[%emt 00:00:01]} Nc4 {[%clk 00:00:34]} {[%emt 00:00:34]} 40. Rxc6 {[%clk
01:09:18]} {[%emt 00:00:18]} Nxe5 {[%clk 00:30:41]} {[%emt 00:00:25]} 41. fxe6+
{[%clk 01:09:40]} {[%emt 00:00:08]} Ke7 {[%clk 00:24:16]} {[%emt 00:06:54]} 42.
Rb6 {[%clk 01:08:29]} {[%emt 00:01:41]} Ra1+ {[%clk 00:23:46]} {[%emt
00:01:01]} 43. Kf2 {[%clk 01:08:42]} {[%emt 00:00:17]} Ra2+ {[%clk 00:22:19]}
{[%emt 00:01:57]} 44. Kf1 {[%clk 01:07:55]} {[%emt 00:01:16]} Ra1+ {[%clk
00:13:04]} {[%emt 00:09:45]} 45. Ke2 {[%clk 01:08:16]} {[%emt 00:00:09]} Ra2+
{[%clk 00:13:30]} {[%emt 00:00:04]} 46. Kd1 {[%clk 01:08:20]} {[%emt 00:00:26]}
Nc4 {[%clk 00:12:50]} {[%emt 00:01:11]} 47. Nf5+ {[%emt 00:22:24]} Kf6 {[%clk
00:12:42]} {[%emt 00:00:20]} 48. Rc6 {[%clk 00:47:11]} {[%emt 00:00:02]} Nxe6
{[%clk 00:08:18]} {[%emt 00:04:54]} 49. g4 {[%clk 00:43:13]} {[%emt 00:04:28]}
Ra1+ {[%clk 00:06:44]} {[%emt 00:02:04]} 50. Kc2 {[%clk 00:43:28]} {[%emt
00:00:15]} Ra2+ {[%clk 00:06:32]} {[%emt 00:00:42]} 51. Kc3 {[%clk 00:42:32]}
{[%emt 00:01:25]} Re2 {[%clk 00:04:02]} {[%emt 00:03:01]} 52. Nd4 {[%clk
00:42:35]} {[%emt 00:00:27]} Re3+ {[%clk 00:03:40]} {[%emt 00:00:53]} 53. Kb4
{[%clk 00:42:47]} {[%emt 00:00:18]} Ke5 {[%clk 00:03:44]} {[%emt 00:00:26]} 54.
Ndxe6 {[%clk 00:42:04]} {[%emt 00:01:13]} Rh3 {[%clk 00:04:05]} {[%emt
00:00:09]} 55. Nd7+ {[%clk 00:33:33]} {[%emt 00:09:00]} Ke4 {[%clk 00:04:31]}
{[%emt 00:00:05]} 56. Nf6 {[%clk 00:34:00]} {[%emt 00:00:02]} Ke5 {[%clk
00:04:44]} {[%emt 00:00:18]} 57. Ng7 {[%clk 00:28:07]} {[%emt 00:06:20]} Ne3
{[%clk 00:03:42]} {[%emt 00:01:34]} 58. Nd7+ {[%clk 00:19:19]} {[%emt
00:09:18]} Kd4 {[%clk 00:02:45]} {[%emt 00:01:26]} 59. Nf5 {[%clk 00:18:18]}
{[%emt 00:01:31]} Nxf5 {[%clk 00:01:22]} {[%emt 00:01:54]} 60. gxf5 {[%clk
00:18:46]} {[%emt 00:00:02]} Rxh2 {[%clk 00:01:46]} {[%emt 00:00:05]} 61. f6
{[%clk 00:12:33]} {[%emt 00:06:44]} Rb2+ {[%clk 00:02:05]} {[%emt 00:00:11]} 62.
Ka3 {[%clk 00:13:00]} {[%emt 00:00:03]} Rf2 {[%emt 00:01:25]} 63. Rc8 {[%clk
00:08:23]} {[%emt 00:03:46]} g4 {[%clk 00:01:50]} {[%emt 00:01:11]} 64. Rg8
{[%clk 00:08:20]} {[%emt 00:00:33]} h5 {[%clk 00:00:57]} {[%emt 00:01:23]} 65.
Rg7 {[%clk 00:06:53]} {[%emt 00:01:56]} 1-0

[Event "Top 12 2021"]
[Site "Chalons en Champagne, France"]
[Date "2021.07.04"]
[Round "11.44"]
[White "Wirig, Anthony GRA"]
[Black "Fedorchuk, Sergey CHA"]
[Result "1/2-1/2"]
[WhiteElo "2500"]
[BlackElo "2616"]

1. d4 {[%clk 01:30:56]} {[%emt 00:00:02]} Nf6 {[%clk 01:28:37]} {[%emt
00:02:14]} 2. Nf3 {[%clk 01:31:20]} {[%emt 00:00:15]} e6 {[%clk 01:27:58]}
{[%emt 00:01:10]} 3. g3 {[%clk 01:31:09]} {[%emt 00:00:41]} d5 {[%clk
01:21:05]} {[%emt 00:07:23]} 4. Bg2 {[%clk 01:30:15]} {[%emt 00:01:24]} b5
{[%clk 01:20:34]} {[%emt 00:01:01]} 5. O-O {[%clk 01:26:28]} {[%emt 00:04:17]}
Nbd7 {[%clk 01:18:59]} {[%emt 00:02:05]} 6. b3 {[%clk 01:19:28]} {[%emt
00:07:30]} Bb7 {[%clk 01:08:17]} {[%emt 00:11:11]} 7. c4 {[%clk 01:11:49]}
{[%emt 00:08:09]} dxc4 {[%clk 01:04:03]} {[%emt 00:04:44]} 8. bxc4 {[%clk
01:10:58]} {[%emt 00:01:21]} bxc4 {[%clk 01:02:31]} {[%emt 00:02:03]} 9. Qa4
{[%clk 01:06:46]} {[%emt 00:04:42]} c5 {[%clk 00:59:04]} {[%emt 00:03:57]} 10.
Ba3 {[%clk 00:53:55]} {[%emt 00:13:21]} Rc8 {[%clk 00:53:43]} {[%emt 00:05:51]}
11. dxc5 {[%clk 00:48:44]} {[%emt 00:05:41]} Qc7 {[%clk 00:30:29]} {[%emt
00:23:44]} 12. Qxc4 {[%clk 00:37:23]} {[%emt 00:11:51]} Bxc5 {[%clk 00:27:42]}
{[%emt 00:03:16]} 13. Bxc5 {[%clk 00:37:23]} {[%emt 00:00:30]} Qxc5 {[%clk
00:28:00]} {[%emt 00:00:12]} 14. Qxc5 {[%clk 00:36:05]} {[%emt 00:01:49]} Rxc5
{[%clk 00:24:57]} {[%emt 00:03:33]} 15. Nbd2 {[%clk 00:36:29]} {[%emt
00:00:06]} Ke7 {[%clk 00:24:34]} {[%emt 00:00:53]} 16. Nd4 {[%clk 00:33:42]}
{[%emt 00:03:17]} Bxg2 {[%clk 00:20:27]} {[%emt 00:04:37]} 17. Kxg2 {[%clk
00:34:03]} {[%emt 00:00:08]} Rhc8 {[%clk 00:20:19]} {[%emt 00:00:38]} 18. Rfb1
{[%clk 00:29:12]} {[%emt 00:05:21]} Nd5 {[%clk 00:19:59]} {[%emt 00:00:51]} 19.
Rb7 {[%clk 00:25:38]} {[%emt 00:04:03]} R8c7 {[%clk 00:16:37]} {[%emt
00:03:52]} 20. Rab1 {[%clk 00:25:33]} {[%emt 00:00:34]} N7b6 {[%clk 00:15:04]}
{[%emt 00:02:03]} 21. N2b3 {[%emt 00:05:43]} Rc4 {[%emt 00:00:08]} 22. Rxc7+
{[%emt 00:00:01]} Rxc7 {[%emt 00:00:09]} 23. Nb5 {[%emt 00:00:05]} Rc2 24. N3d4
Rc7 {[%emt 00:00:09]} 1/2-1/2

[Event "Top 12 2021"]
[Site "Chalons en Champagne, France"]
[Date "2021.07.04"]
[Round "11.45"]
[White "Jones, Gawain CHA"]
[Black "Apicella, Manuel GRA"]
[Result "1/2-1/2"]
[WhiteElo "2677"]
[BlackElo "2506"]

1. e4 {[%clk 01:30:42]} {[%emt 00:00:17]} e6 {[%clk 01:30:48]} {[%emt
00:00:13]} 2. d4 {[%clk 01:31:04]} {[%emt 00:00:08]} d5 {[%clk 01:31:11]}
{[%emt 00:00:07]} 3. e5 {[%clk 01:31:30]} {[%emt 00:00:03]} c5 {[%clk
01:31:15]} {[%emt 00:00:27]} 4. c3 {[%clk 01:31:54]} {[%emt 00:00:06]} Qb6
{[%clk 01:29:53]} {[%emt 00:01:52]} 5. Nf3 {[%clk 01:32:14]} {[%emt 00:00:10]}
Nc6 {[%clk 01:30:00]} {[%emt 00:00:23]} 6. Be2 {[%clk 01:32:22]} {[%emt
00:00:22]} cxd4 {[%clk 01:29:06]} {[%emt 00:01:24]} 7. cxd4 {[%clk 01:31:58]}
{[%emt 00:00:54]} Nh6 {[%clk 01:29:17]} {[%emt 00:00:19]} 8. Bxh6 {[%clk
01:32:20]} {[%emt 00:00:08]} Qxb2 {[%clk 01:28:25]} {[%emt 00:01:22]} 9. Nbd2
{[%clk 01:31:38]} {[%emt 00:01:12]} gxh6 {[%clk 01:28:47]} {[%emt 00:00:08]} 10.
O-O {[%clk 01:31:48]} {[%emt 00:00:19]} Be7 {[%clk 01:25:46]} {[%emt 00:03:31]}
11. Nb3 {[%clk 01:26:57]} {[%emt 00:05:22]} O-O {[%clk 01:09:12]} {[%emt
00:17:05]} 12. a3 {[%clk 01:19:07]} {[%emt 00:08:19]} Qc3 {[%clk 01:00:37]}
{[%emt 00:09:05]} 13. Rc1 {[%clk 01:08:54]} {[%emt 00:10:43]} Qb2 {[%clk
01:00:52]} {[%emt 00:00:15]} 14. Ne1 {[%clk 01:05:09]} {[%emt 00:04:15]} Bd8
{[%clk 00:51:19]} {[%emt 00:10:03]} 15. Qd3 {[%clk 00:48:47]} {[%emt 00:16:51]}
Nxd4 {[%clk 00:43:20]} {[%emt 00:08:30]} 16. Qxd4 {[%clk 00:38:17]} {[%emt
00:11:00]} Qxe2 {[%clk 00:40:38]} {[%emt 00:03:11]} 17. Nd3 {[%clk 00:38:38]}
{[%emt 00:00:10]} Qe4 {[%clk 00:37:03]} {[%emt 00:04:05]} 18. Qc3 {[%clk
00:38:51]} {[%emt 00:00:17]} Qc4 {[%clk 00:34:23]} {[%emt 00:03:09]} 19. Qxc4
{[%emt 00:01:38]} 1/2-1/2